[Event "?"]
[Site "?"]
[Date "2014.04.18"]
[Round "8.7"]
[White "Hirn, Erwin"]
[Black "Leopold, Christian"]
[Result "1-0"]
[WhiteElo "2165"]
[BlackElo "2060"]
[PlyCount "49"]
[EventDate "2014.??.??"]
[WhiteTeam "SW Nürnberg Süd e.V."]
[BlackTeam "SV Lauf a.d.P."]

1. d4 d6 2. e4 Nf6 3. Nc3 e5 4. Nf3 Nbd7 5. Bc4 Be7 6. O-O O-O 7. Re1 c6 8. a4
a5 9. h3 exd4 10. Nxd4 Nc5 11. b3 Re8 12. Qf3 Qb6 13. Be3 Qb4 14. Na2 Qb6 15.
Nc3 Bd7 16. Rad1 Rad8 17. g4 h6 18. Nf5 Bxf5 19. Qxf5 Rf8 20. h4 Nfd7 21. g5
hxg5 22. hxg5 Ne5 23. Kg2 Nxc4 24. Rh1 Nxe3+ 25. fxe3 1-0

[Event "?"]
[Site "?"]
[Date "2014.04.18"]
[Round "8.8"]
[White "Kotz, Reinhard"]
[Black "Surinya, Tibor"]
[Result "1-0"]
[WhiteElo "2180"]
[BlackElo "2063"]
[PlyCount "63"]
[EventDate "2014.??.??"]
[WhiteTeam "SV Puschendorf 1949 e.V."]
[BlackTeam "SC Noris-Tarrasch Nürnberg 1873"]

1. f4 d5 2. Nf3 Nc6 3. e3 Bg4 4. Bb5 e6 5. h3 Bxf3 6. Bxc6+ bxc6 7. Qxf3 Bd6 8.
O-O Nf6 9. b3 e5 10. Bb2 e4 11. Qe2 O-O 12. Nc3 Re8 13. Qa6 Qd7 14. Na4 c5 15.
c4 d4 16. Qa5 dxe3 17. dxe3 Qe7 18. Rad1 Nh5 19. Rd5 Qh4 20. Qc3 f6 21. Qe1 Ng3
22. Rf2 f5 23. Nxc5 Bxc5 24. Rxc5 Rad8 25. Rd5 c6 26. Rxd8 Rxd8 27. Bd4 a6 28.
Rc2 Qh5 29. Kh2 c5 30. Bxc5 g5 31. Qxg3 g4 32. Bd4 1-0

[Event "?"]
[Site "?"]
[Date "2014.04.18"]
[Round "8.9"]
[White "Kroneder, Christian"]
[Black "Tong, Kevin"]
[Result "1-0"]
[WhiteElo "2059"]
[BlackElo "1699"]
[PlyCount "65"]
[EventDate "2014.??.??"]
[WhiteTeam "SK Schwanstetten 79 e.V."]
[BlackTeam "SC Erlangen 48/88 e.V."]

1. e4 c5 2. Nf3 Nc6 3. d4 cxd4 4. Nxd4 g6 5. c4 Bg7 6. Be3 Nf6 7. Nc3 d6 8. Be2
O-O 9. O-O Nd7 10. Qd2 Nxd4 11. Bxd4 Nc5 12. Bxg7 Kxg7 13. b4 Ne6 14. Rab1 b6
15. f4 Bb7 16. f5 Nc7 17. Rf3 Ne8 18. Rh3 Rh8 19. Qh6+ Kg8 20. Rf1 Nf6 21. fxg6
fxg6 22. c5 e6 23. Rhf3 Ng4 24. Rf8+ Qxf8 25. Rxf8+ Rxf8 26. Bxg4 Bc8 27. cxd6
Bd7 28. e5 Kf7 29. Ne4 Rd8 30. Ng5+ Kg8 31. Nxe6 Kf7 32. Qg7+ Ke8 33. Nc7# 1-0

[Event "?"]
[Site "?"]
[Date "2014.04.18"]
[Round "8.10"]
[White "Zhao, Kevin"]
[Black "Rausch, Wolfgang jr"]
[Result "1/2-1/2"]
[WhiteElo "1867"]
[BlackElo "2149"]
[PlyCount "44"]
[EventDate "2014.??.??"]
[WhiteTeam "SC Erlangen 48/88 e.V."]
[BlackTeam "SV Lauf a.d.P."]

1. e4 c6 2. d4 d5 3. Nd2 dxe4 4. Nxe4 Nf6 5. Nxf6+ gxf6 6. c3 Bf5 7. Bf4 Qb6 8.
Qd2 Nd7 9. O-O-O Qa5 10. Bc4 e6 11. Qe2 Nb6 12. Bb3 Nd5 13. Bd2 Qc7 14. Bc2
Bxc2 15. Kxc2 O-O-O 16. Kb1 Rg8 17. Qf3 f5 18. Ne2 Nf6 19. g3 Bd6 20. Bc1 Qa5
21. Nf4 Bxf4 22. Qxf4 Qd5 1/2-1/2

[Event "?"]
[Site "?"]
[Date "2014.04.18"]
[Round "8.12"]
[White "Brenner, Christian"]
[Black "Vogiatzis, Dimitrios"]
[Result "1/2-1/2"]
[WhiteElo "2064"]
[BlackElo "2107"]
[PlyCount "84"]
[EventDate "2014.??.??"]
[WhiteTeam "Spvg Zabo-Eintracht Nürnberg e.V"]
[BlackTeam "SC Noris-Tarrasch Nürnberg 1873"]

1. e4 e5 2. Nf3 d5 3. exd5 Bd6 4. Nc3 Nf6 5. Bb5+ Bd7 6. Bxd7+ Nbxd7 7. d3 h6
8. Qe2 O-O 9. Bd2 Re8 10. O-O-O Nb6 11. g4 Nfxd5 12. Nxd5 Nxd5 13. g5 Nf4 14.
Qe4 hxg5 15. h4 g4 16. Ng5 Qf6 17. Kb1 g6 18. Qc4 Nh5 19. Qxg4 Rad8 20. Rhg1
Qg7 21. Rg2 Be7 22. Rdg1 Rd4 23. Qf3 Nf4 24. Bxf4 Rxf4 25. Qh3 Qh6 26. Qd7 Qf8
27. Ne6 fxe6 28. Qxe6+ Kh8 29. Qxg6 Rxh4 30. Qg3 Bf6 31. a3 Re7 32. Qf3 Rg7 33.
Rxg7 Bxg7 34. Qxb7 Qxf2 35. Rh1 Rxh1+ 36. Qxh1+ Kg8 37. Qd5+ Kh7 38. Qe4+ Kh8
39. Qh1+ Kg8 40. Qd5+ Qf7 41. Qa8+ Kh7 42. Qxa7 Qf1+ 1/2-1/2

[Event "?"]
[Site "?"]
[Date "2014.04.18"]
[Round "8.13"]
[White "Zühlke, Burkhard"]
[Black "Rausch, Wolfgang sr"]
[Result "1-0"]
[WhiteElo "2087"]
[BlackElo "1888"]
[PlyCount "63"]
[EventDate "2014.??.??"]
[WhiteTeam "SK Zirndorf e.V."]
[BlackTeam "SC Noris-Tarrasch Nürnberg 1873"]

1. d4 d5 2. c4 e6 3. Nf3 c6 4. e3 Nf6 5. Bd3 Nbd7 6. O-O Bd6 7. Nc3 O-O 8. e4
dxe4 9. Nxe4 Nxe4 10. Bxe4 Re8 11. Re1 Nf8 12. Qc2 Qc7 13. b3 Bd7 14. Bb2 Rad8
15. Rad1 Bc8 16. c5 Bf4 17. g3 Bh6 18. Ne5 g6 19. Nc4 Nd7 20. Nd6 Re7 21. h4
Bg7 22. Bg2 Nf6 23. Bc1 Nd5 24. a3 Rf8 25. b4 b5 26. Bg5 f6 27. Bc1 a5 28. bxa5
Qxa5 29. Qb3 Qa7 30. Re2 Rd8 31. Rde1 Bf8 32. Nxc8 1-0

[Event "?"]
[Site "?"]
[Date "2014.04.18"]
[Round "8.14"]
[White "Pidtoptanyy, Igor"]
[Black "Schlötterer, Hermann"]
[Result "0-1"]
[WhiteElo "1989"]
[BlackElo "1944"]
[PlyCount "104"]
[EventDate "2014.??.??"]
[WhiteTeam "SW Nürnberg Süd e.V."]
[BlackTeam "Spvg Zabo-Eintracht Nürnberg e.V"]

1. e4 c5 2. c3 d5 3. exd5 Qxd5 4. d4 Nf6 5. Nf3 Bg4 6. Be2 e6 7. Be3 cxd4 8.
cxd4 Bb4+ 9. Nbd2 Nc6 10. O-O O-O 11. a3 Ba5 12. Nc4 Bc7 13. Ng5 Bxe2 14. Qxe2
Nxd4 15. Bxd4 Qxd4 16. Rad1 Qf4 17. Nf3 Rfd8 18. Ne3 Rac8 19. b4 a6 20. Rc1 Bb8
21. Rfd1 h5 22. Rxd8+ Rxd8 23. Rc4 Qd6 24. g3 Ba7 25. Kg2 b5 26. Rc1 Bb6 27.
Rd1 Qc6 28. Rd3 Rxd3 29. Qxd3 Ng4 30. h3 Ne5 31. Qe2 Qe4 32. Qd1 Nd3 33. Qd2 h4
34. Nd1 Ne5 35. Qf4 Qxf4 36. gxf4 Ng6 37. f5 exf5 38. Nc3 Nf4+ 39. Kf1 Bd8 40.
Ne2 Nd3 41. Ned4 g6 42. Nc6 Bb6 43. Nb8 Nxf2 44. Nxa6 Nxh3 45. Nxh4 Kg7 46. Kg2
Ng5 47. Nb8 Ne4 48. Nf3 Be3 49. Ne1 Nd6 50. Nc6 Nc4 51. Nc2 Bc1 52. N6d4 Nxa3
0-1

[Event "?"]
[Site "?"]
[Date "2014.04.18"]
[Round "8.15"]
[White "Friedrich, Michael"]
[Black "Meulner, Klaus"]
[Result "0-1"]
[WhiteElo "1656"]
[BlackElo "2123"]
[PlyCount "42"]
[EventDate "2014.??.??"]
[WhiteTeam "SC Erlangen 48/88 e.V."]
[BlackTeam "SW Nürnberg Süd e.V."]

1. Nf3 d6 2. c4 e5 3. Nc3 f5 4. d3 Nf6 5. g3 Be7 6. Bg2 O-O 7. O-O Qe8 8. Bg5
h6 9. Bxf6 Bxf6 10. Nd5 Bd8 11. Qc2 c6 12. Nc3 Nd7 13. b4 Nf6 14. b5 Bb6 15.
bxc6 bxc6 16. Na4 Bc7 17. Nc3 f4 18. d4 e4 19. Nh4 g5 20. Kh1 gxh4 21. gxf4 h3
0-1

[Event "?"]
[Site "?"]
[Date "2014.04.18"]
[Round "9.1"]
[White "Miller, Eduard"]
[Black "Kotz, Reinhard"]
[Result "1/2-1/2"]
[WhiteElo "2094"]
[BlackElo "2180"]
[PlyCount "40"]
[EventDate "2014.??.??"]
[WhiteTeam "SC Erlangen 48/88 e.V."]
[BlackTeam "SV Puschendorf 1949 e.V."]

1. e4 c5 2. Nf3 Nf6 3. Nc3 e6 4. e5 Nd5 5. Ne4 f5 6. exf6 Nxf6 7. Nxf6+ Qxf6 8.
d4 Nc6 9. Bg5 Qf7 10. Ne5 Nxe5 11. dxe5 b6 12. Qd2 Bb7 13. O-O-O Bc6 14. f3 Be7
15. Bxe7 Qxe7 16. Bd3 O-O 17. h4 Rac8 18. Qg5 Qf7 19. Kb1 c4 20. Bxc4 Bxf3
1/2-1/2

[Event "?"]
[Site "?"]
[Date "2014.04.18"]
[Round "9.2"]
[White "Hirn, Erwin"]
[Black "Ederer, Rene"]
[Result "1/2-1/2"]
[WhiteElo "2165"]
[BlackElo "2116"]
[PlyCount "66"]
[EventDate "2014.??.??"]
[WhiteTeam "SW Nürnberg Süd e.V."]
[BlackTeam "SC Noris-Tarrasch Nürnberg 1873"]

1. d4 Nf6 2. c4 e6 3. Nf3 c5 4. e3 d5 5. Nc3 Nc6 6. cxd5 exd5 7. dxc5 Bxc5 8.
Be2 a6 9. a3 O-O 10. O-O Ba7 11. b4 Re8 12. Bb2 Qd6 13. b5 Ne7 14. a4 Bg4 15.
Ba3 Qd8 16. Qb3 Ng6 17. Rfd1 Be6 18. Nd4 a5 19. Bf3 Ne5 20. Be2 Bxd4 21. Rxd4
b6 22. Rad1 Qc7 23. Bb2 Red8 24. h3 h6 25. Bf1 Ned7 26. Rc1 Nc5 27. Qd1 Qe7 28.
Ba3 Qb7 29. Be2 Rd7 30. Bf3 Rad8 31. Qc2 Rc8 32. Qd1 Rcd8 33. Qc2 Rc8 1/2-1/2

[Event "?"]
[Site "?"]
[Date "2014.04.18"]
[Round "9.3"]
[White "Wagner, Florian"]
[Black "Willim, Michael"]
[Result "1-0"]
[WhiteElo "2189"]
[BlackElo "2141"]
[PlyCount "141"]
[EventDate "2014.??.??"]
[WhiteTeam "SC Noris-Tarrasch Nürnberg 1873"]
[BlackTeam "SC Erlangen 48/88 e.V."]

1. e4 e6 2. d4 d5 3. Nd2 Nf6 4. e5 Nfd7 5. f4 c5 6. c3 Nc6 7. Ndf3 Qb6 8. a3 a5
9. b3 cxd4 10. cxd4 Be7 11. Be3 f6 12. Kf2 O-O 13. h4 fxe5 14. fxe5 h6 15. Ne2
Ndxe5 16. dxe5 d4 17. Nexd4 Nxe5 18. Ke1 Nxf3+ 19. gxf3 Bc5 20. Rc1 e5 21. Rxc5
Qxc5 22. Bc4+ Kh8 23. Nc2 Qc7 24. Ke2 Bf5 25. Ne1 Rad8 26. Qa1 a4 27. Qb2 Qd6
28. Rg1 axb3 29. Qxb3 Qc6 30. a4 e4 31. f4 Bg6 32. Kf2 Qf6 33. Kg3 Bf5 34. Be2
Rc8 35. Qb5 Rc3 36. Ng2 Rc2 37. Bd1 Ra2 38. Qe5 Qg6+ 39. Kh2 Rd8 40. h5 Qf7 41.
Kg3 Rxd1 42. Rxd1 Qxh5 43. Rd8+ Kh7 44. Rd2 Rxd2 45. Bxd2 Qh3+ 46. Kf2 Qf3+ 47.
Kg1 Bh3 48. Ne1 Qg4+ 49. Kf2 Qh4+ 50. Ke3 Qg3+ 51. Kd4 Qg1+ 52. Kc3 Qg6 53. Be3
Qc6+ 54. Kb4 Bd7 55. Qb5 Qd6+ 56. Qc5 Qd1 57. Nc2 Qb1+ 58. Ka3 Be6 59. Qc3 Qa2+
60. Kb4 Qb1+ 61. Ka5 Qf1 62. Nb4 Qe2 63. Qd4 Bf5 64. Bd2 h5 65. Bc3 Qg4 66. Nd5
Qg2 67. Ne3 Qg1 68. Nxf5 Qxd4 69. Bxd4 g5 70. fxg5 Kg6 71. Ng3 1-0

[Event "?"]
[Site "?"]
[Date "2014.04.18"]
[Round "9.4"]
[White "Just, Hannes"]
[Black "Hirn, Oskar"]
[Result "1-0"]
[WhiteElo "2137"]
[BlackElo "2229"]
[PlyCount "35"]
[EventDate "2014.??.??"]
[WhiteTeam "SW Nürnberg Süd e.V."]
[BlackTeam "SC Noris-Tarrasch Nürnberg 1873"]

1. Nf3 Nf6 2. g3 d5 3. Bg2 c6 4. d4 e6 5. O-O Nbd7 6. b3 a5 7. c4 b5 8. Qc2
bxc4 9. bxc4 Ba6 10. Nbd2 Rc8 11. e4 Nb6 12. Ne5 Bb4 13. Rd1 Bxd2 14. Rxd2 Nxc4
15. Nxc4 Bxc4 16. Ba3 Nd7 17. Re1 h5 18. exd5 1-0

[Event "?"]
[Site "?"]
[Date "2014.04.18"]
[Round "9.5"]
[White "Erlbeck, Peter"]
[Black "Reis, Gerhard"]
[Result "0-1"]
[WhiteElo "2091"]
[BlackElo "2202"]
[PlyCount "52"]
[EventDate "2014.??.??"]
[WhiteTeam "SW Nürnberg Süd e.V."]
[BlackTeam "SW Nürnberg Süd e.V."]

1. e4 e6 2. d4 d5 3. e5 c5 4. c3 Nc6 5. Nf3 Qb6 6. a3 Nh6 7. b4 cxd4 8. cxd4
Nf5 9. Bb2 a5 10. b5 a4 11. g4 Nfe7 12. Nc3 Nb8 13. Nxa4 Qa5+ 14. Nc3 Nd7 15.
Bd3 Nb6 16. Nd2 Ng6 17. Nb3 Qa7 18. Bxg6 hxg6 19. O-O Na4 20. Qd2 Bd7 21. Rfb1
Rc8 22. Nxa4 Qxa4 23. Bc3 Rh3 24. f3 Rxf3 25. Nc5 Bxc5 26. Kg2 Rxc3 0-1

[Event "?"]
[Site "?"]
[Date "2014.04.18"]
[Round "9.6"]
[White "Götz, Andreas"]
[Black "Seibold, Hubert"]
[Result "1/2-1/2"]
[WhiteElo "2116"]
[BlackElo "2163"]
[PlyCount "84"]
[EventDate "2014.??.??"]
[WhiteTeam "SC Erlangen 48/88 e.V."]
[BlackTeam "SK Zirndorf e.V."]

1. Nf3 d5 2. d4 Nf6 3. c4 c6 4. e3 Bf5 5. Nbd2 e6 6. b3 Nbd7 7. Bb2 h6 8. Be2
Be7 9. O-O O-O 10. a3 a5 11. Rc1 Qb8 12. Ne5 Nxe5 13. dxe5 Nd7 14. cxd5 cxd5
15. Nf3 Be4 16. Nd2 Bg6 17. Nf3 Rc8 18. Rxc8+ Qxc8 19. Bb5 Bh5 20. Bxd7 Qxd7
21. Qd3 Bxf3 22. gxf3 Bc5 23. a4 Qe7 24. Rc1 b6 25. Bd4 Rb8 26. Kh1 Qh4 27. Kg2
Qe7 28. Kh1 g6 29. Qc3 Rc8 30. Qd3 Kg7 31. Qa6 Rc7 32. Bb2 Qh4 33. Kg2 Qb4 34.
Qd3 Qh4 35. h3 Qg5+ 36. Kh2 Kh7 37. Kh1 Rd7 38. Bd4 Qe7 39. Qb5 Rc7 40. Bxc5
Rxc5 41. Rxc5 Qxc5 42. Qd7 Kg7 1/2-1/2

[Event "?"]
[Site "?"]
[Date "2014.04.18"]
[Round "9.7"]
[White "Leopold, Christian"]
[Black "Kroneder, Christian"]
[Result "1/2-1/2"]
[WhiteElo "2060"]
[BlackElo "2059"]
[PlyCount "28"]
[EventDate "2014.??.??"]
[WhiteTeam "SV Lauf a.d.P."]
[BlackTeam "SK Schwanstetten 79 e.V."]

1. e4 c5 2. Nc3 d6 3. g3 g6 4. Bg2 Bg7 5. d3 Nc6 6. Be3 Rb8 7. Qd2 b5 8. Nge2
Nd4 9. O-O b4 10. Nd1 e6 11. Nc1 Ne7 12. c3 bxc3 13. bxc3 Ndc6 14. Bh6 O-O
1/2-1/2

[Event "?"]
[Site "?"]
[Date "2014.04.18"]
[Round "9.8"]
[White "Rausch, Wolfgang jr"]
[Black "Saathoff, Richard"]
[Result "1/2-1/2"]
[WhiteElo "2149"]
[BlackElo "2139"]
[PlyCount "30"]
[EventDate "2014.??.??"]
[WhiteTeam "SV Lauf a.d.P."]
[BlackTeam "SW Nürnberg Süd e.V."]

1. d4 Nf6 2. Bg5 c5 3. d5 Ne4 4. Bf4 Qb6 5. Bc1 e6 6. f3 Qa5+ 7. c3 Nf6 8. e4
d6 9. Na3 exd5 10. exd5 Be7 11. Kf2 O-O 12. c4 a6 13. Bd2 Qc7 14. Bd3 b5 15. b3
Nbd7 1/2-1/2

[Event "?"]
[Site "?"]
[Date "2014.04.18"]
[Round "9.9"]
[White "Wittmann, Helmut"]
[Black "Zühlke, Burkhard"]
[Result "1/2-1/2"]
[WhiteElo "2105"]
[BlackElo "2087"]
[PlyCount "90"]
[EventDate "2014.??.??"]
[WhiteTeam "BSG Wöhrlhaus Erlangen"]
[BlackTeam "SK Zirndorf e.V."]

1. d4 Nf6 2. Nf3 g6 3. Bg5 Bg7 4. Nbd2 h6 5. Bf4 d6 6. h3 Nbd7 7. e3 c5 8. Bd3
O-O 9. O-O b6 10. a4 Bb7 11. a5 cxd4 12. exd4 Nd5 13. Bh2 Nb4 14. Bb5 bxa5 15.
c3 Nd5 16. Nb3 a6 17. Be2 a4 18. Rxa4 N7b6 19. Ra3 Nc7 20. Na5 Bc8 21. Rb3 Nb5
22. c4 Na7 23. c5 Na4 24. Rb4 Nxc5 25. dxc5 Qxa5 26. Rc4 dxc5 27. Qd5 Be6 28.
Qxc5 Nb5 29. Re4 Rfe8 30. Rxe6 fxe6 31. Bc4 Kh7 32. Bxe6 Qd8 33. Qc2 Rf8 34.
Qe4 Nd6 35. Qh4 Nf5 36. Ng5+ Kh8 37. Bxf5 Rxf5 38. Ne6 Qd7 39. Qe4 Rc8 40. Nf4
Rc6 41. g4 Rff6 42. Nd3 Rfe6 43. Ne5 Bxe5 44. Bxe5+ Kh7 45. Qf4 Rf6 1/2-1/2

[Event "?"]
[Site "?"]
[Date "2014.04.18"]
[Round "9.10"]
[White "Surinya, Tibor"]
[Black "Zhao, Kevin"]
[Result "1/2-1/2"]
[WhiteElo "2063"]
[BlackElo "1867"]
[PlyCount "23"]
[EventDate "2014.??.??"]
[WhiteTeam "SC Noris-Tarrasch Nürnberg 1873"]
[BlackTeam "SC Erlangen 48/88 e.V."]

1. d4 e6 2. c4 f5 3. g3 Nf6 4. Bg2 Be7 5. Nf3 O-O 6. O-O d6 7. b3 Ne4 8. Qc2
Nd7 9. Bb2 Qe8 10. Nbd2 Ndf6 11. Nxe4 Nxe4 12. Nd2 1/2-1/2

[Event "?"]
[Site "?"]
[Date "2014.04.18"]
[Round "9.11"]
[White "Meulner, Klaus"]
[Black "Korth, Manfred"]
[Result "1-0"]
[WhiteElo "2123"]
[BlackElo "1904"]
[PlyCount "55"]
[EventDate "2014.??.??"]
[WhiteTeam "SW Nürnberg Süd e.V."]
[BlackTeam "SC Heideck-Hilpoltstein"]

1. d4 d6 2. e4 Nf6 3. f3 Nbd7 4. c4 e5 5. d5 Be7 6. Be3 O-O 7. Bd3 Ne8 8. Qd2
Nc5 9. Bc2 f5 10. exf5 Bxf5 11. Bxf5 Rxf5 12. Ne2 Bg5 13. O-O Bxe3+ 14. Qxe3
Qh4 15. Nd2 Rh5 16. h3 Rh6 17. f4 e4 18. b4 Nd7 19. Nd4 Qh5 20. Nxe4 c6 21.
dxc6 bxc6 22. Nxc6 Ndf6 23. Ng5 Nc7 24. Rae1 Re8 25. Ne7+ Kf8 26. Qxa7 Rxe7 27.
Rxe7 Kxe7 28. Qxc7+ 1-0

[Event "?"]
[Site "?"]
[Date "2014.04.18"]
[Round "9.12"]
[White "Tong, Kevin"]
[Black "Brenner, Christian"]
[Result "1/2-1/2"]
[WhiteElo "1699"]
[BlackElo "2064"]
[PlyCount "152"]
[EventDate "2014.??.??"]
[WhiteTeam "SC Erlangen 48/88 e.V."]
[BlackTeam "Spvg Zabo-Eintracht Nürnberg e.V"]

1. e4 e5 2. Nf3 Nc6 3. d4 exd4 4. Nxd4 Bc5 5. Be3 Qf6 6. Nb5 Bxe3 7. fxe3 Qh4+
8. g3 Qd8 9. Qg4 g6 10. Qf4 d6 11. Bc4 Ne5 12. Bb3 a6 13. N5c3 Bh3 14. Nd2 g5
15. Qf2 Nf6 16. O-O-O Qe7 17. Ba4+ b5 18. Bb3 Rb8 19. Nd5 Nxd5 20. exd5 O-O 21.
e4 a5 22. a4 bxa4 23. Bxa4 Rb4 24. b3 Rfb8 25. Rde1 Ng4 26. Qf5 h5 27. Nc4 Ne3
28. Qxh3 Nxc4 29. Qf5 Ne5 30. h4 g4 31. Qxh5 Qf6 32. Rhf1 Nd3+ 33. Kd2 Nf2 34.
Qg5+ Qxg5+ 35. hxg5 Nxe4+ 36. Kc1 Nxg3 37. Rf6 Re4 38. Rxe4 Nxe4 39. Rf4 Nxg5
40. Rxg4 f6 41. Kd2 Rb4 42. Rxb4 axb4 43. Kd3 Nf3 44. Kc4 Ne1 45. Kxb4 Nxc2+
46. Kb5 Nd4+ 47. Ka6 Kf8 48. Kb7 Ke7 49. Kxc7 f5 50. b4 f4 51. b5 f3 52. b6 f2
53. b7 f1=Q 54. b8=Q Qf8 55. Qxf8+ Kxf8 56. Kxd6 Ne2 57. Kc7 Nf4 58. d6 Nd5+
59. Kd7 Nf6+ 60. Kc8 Kg7 61. Bb3 Kf8 62. Bc2 Kg7 63. Kd8 Kf8 64. Bg6 Kg7 65.
Bf5 Kf8 66. Kc8 Ke8 67. Be6 Kf8 68. Bc4 Ke8 69. Bb3 Kf8 70. Bd1 Ke8 71. Kc7
Nd5+ 72. Kc6 Nf6 73. Bc2 Kd8 74. Bg6 Ng8 75. Bf7 Ne7+ 76. Kc5 Nf5 1/2-1/2

[Event "?"]
[Site "?"]
[Date "2014.04.18"]
[Round "9.13"]
[White "Walter, Thomas"]
[Black "Schlötterer, Hermann"]
[Result "1-0"]
[WhiteElo "2128"]
[BlackElo "1944"]
[PlyCount "101"]
[EventDate "2014.??.??"]
[WhiteTeam "SC Erlangen 48/88 e.V."]
[BlackTeam "Spvg Zabo-Eintracht Nürnberg e.V"]

1. e4 d5 2. exd5 Qxd5 3. Nc3 Qd6 4. g3 Nf6 5. Bg2 g6 6. Nge2 a6 7. O-O Bg7 8.
d4 O-O 9. Bf4 Qd8 10. b4 Nbd7 11. Rb1 Rb8 12. b5 Nb6 13. d5 a5 14. Rb3 a4 15.
Rb4 Ra8 16. Qd2 Re8 17. Rd1 Ng4 18. Nd4 Ne5 19. Qe2 Qd6 20. a3 Bg4 21. f3 Bf5
22. g4 Bc8 23. Ne4 Qxd5 24. c4 Nexc4 25. Nf5 Qe6 26. Nxg7 Kxg7 27. Bxc7 Nxa3
28. Qb2+ Kg8 29. Qxa3 Nd5 30. Ng5 Qe3+ 31. Qxe3 Nxe3 32. Ra1 a3 33. Rb3 Nd5 34.
b6 a2 35. f4 Nf6 36. h3 h5 37. gxh5 gxh5 38. Rb2 Ra5 39. Rbxa2 Rc5 40. Ra8 Nd5
41. R8a5 Rxa5 42. Rxa5 Ne3 43. Bf3 h4 44. Kf2 Nc4 45. Ra8 e6 46. Nxf7 Rf8 47.
Nd6 Nxd6 48. Bxd6 Rd8 49. Be7 Rd2+ 50. Ke3 Rc2 51. Bxb7 1-0

[Event "?"]
[Site "?"]
[Date "2014.04.18"]
[Round "9.14"]
[White "Vogiatzis, Dimitrios"]
[Black "Friedrich, Michael"]
[Result "1-0"]
[WhiteElo "2107"]
[BlackElo "1656"]
[PlyCount "113"]
[EventDate "2014.??.??"]
[WhiteTeam "SC Noris-Tarrasch Nürnberg 1873"]
[BlackTeam "SC Erlangen 48/88 e.V."]

1. e4 g6 2. d4 Bg7 3. c3 d6 4. f4 Bd7 5. Nf3 c5 6. Bc4 cxd4 7. Qb3 e6 8. cxd4
Nc6 9. Qe3 Qb6 10. e5 dxe5 11. dxe5 Qxe3+ 12. Bxe3 Nb4 13. Na3 Ne7 14. Rd1 Rc8
15. Bxa7 Nc2+ 16. Nxc2 Rxc4 17. Nfd4 Nd5 18. Na3 Rc8 19. Nab5 Bxb5 20. Nxb5 Bf8
21. O-O b6 22. Rf3 Bc5+ 23. Kf1 Rd8 24. Ke2 Ke7 25. a3 Kf8 26. b4 Be7 27. g3
Kg7 28. Rfd3 Rc8 29. R1d2 Rc1 30. Kf3 Rhc8 31. Rxd5 exd5 32. Rxd5 Rd8 33. Nd6
Rc3+ 34. Ke4 Bxd6 35. exd6 Rc6 36. d7 Re6+ 37. Kd4 Kf8 38. f5 gxf5 39. Kc4 Ke7
40. Kb5 Rxd7 41. Rxd7+ Kxd7 42. Bxb6 Re5+ 43. Bc5 Re2 44. a4 Rxh2 45. Kb6 Kc8
46. Bd6 Rd2 47. Bf4 Rd4 48. Kc5 Re4 49. a5 h5 50. Bd6 Kb7 51. b5 f4 52. a6+ Ka7
53. Kd5 Re6 54. Bxf4 Kb6 55. Bd6 Kxb5 56. a7 Re8 57. Bb8 1-0

[Event "?"]
[Site "?"]
[Date "2014.04.18"]
[Round "9.15"]
[White "Rausch, Wolfgang sr"]
[Black "Pidtoptanyy, Igor"]
[Result "1-0"]
[WhiteElo "1888"]
[BlackElo "1989"]
[PlyCount "41"]
[EventDate "2014.??.??"]
[WhiteTeam "SC Noris-Tarrasch Nürnberg 1873"]
[BlackTeam "SW Nürnberg Süd e.V."]

1. c4 e5 2. Nc3 Nf6 3. Nf3 Nc6 4. d4 exd4 5. Nxd4 Bb4 6. Nxc6 bxc6 7. Qb3 Qe7
8. a3 Bxc3+ 9. Qxc3 O-O 10. Bg5 d5 11. Bxf6 Qxf6 12. Qxf6 gxf6 13. e3 Ba6 14.
O-O-O Rfd8 15. Be2 Rab8 16. Rd2 Kf8 17. Rhd1 Ke7 18. Rd4 Rg8 19. g3 Kd6 20. c5+
Kxc5 21. Bxa6 1-0